[Event "Skopje, hotel "]
[Site "Skopje, hotel "]
[Date "2014.04.02"]
[Round "6.48"]
[White "Nestorovic, Lazar"]
[Black "Sorgic, Dragan"]
[Result "0-1"]
[WhiteElo "2381"]
[BlackElo "2244"]
[PlyCount "52"]
[EventDate "2014.03.29"]
[EventType "swiss"]
[EventRounds "9"]

1. e4 d6 2. d4 Nf6 3. Nc3 g6 4. Bg5 Bg7 5. Qd2 c6 6. f4 O-O 7. Bd3 b5 8. a3 a6
9. Nf3 Bg4 10. h3 Bxf3 11. gxf3 Nh5 12. f5 Bxd4 13. fxg6 hxg6 14. f4 Qb6 15.
Qg2 Bg7 16. f5 Nd7 17. fxg6 fxg6 18. Bxe7 Nf4 19. Qd2 Bh6 20. Bxf8 Rxf8 21. Nd1
Ne5 22. Qc3 Ng2+ 23. Ke2 Nf3 24. Qb3+ Kh7 25. c3 Ng1+ 26. Rxg1 Qxg1 0-1

[Event "Skopje, hotel "]
[Site "Skopje, hotel "]
[Date "2014.04.02"]
[Round "6.49"]
[White "Zugaj, Fjodor"]
[Black "Radovanovic, Dusan"]
[Result "0-1"]
[WhiteElo "2194"]
[BlackElo "2379"]
[PlyCount "78"]
[EventDate "2014.03.29"]
[EventType "swiss"]
[EventRounds "9"]

1. e4 c5 2. Nf3 d6 3. Bb5+ Bd7 4. Bxd7+ Qxd7 5. O-O Nc6 6. d4 cxd4 7. Nxd4 Nf6
8. Re1 g6 9. c4 Bg7 10. Nc3 O-O 11. Bg5 Rfe8 12. Rc1 h6 13. Be3 Rac8 14. b3 Kh7
15. f3 Qd8 16. Nxc6 Rxc6 17. Nb5 a6 18. Nd4 Rc8 19. Qd2 Nd7 20. Red1 Ne5 21. a4
Nd7 22. Nc2 Nc5 23. Rb1 h5 24. Nb4 Nd7 25. Nd5 Rc6 26. Nb4 Rc8 27. Nd5 Nc5 28.
a5 Rc6 29. Qa2 Rc8 30. Nb6 Rc6 31. Bxc5 Rxc5 32. b4 Rc6 33. c5 Kg8 34. Rbc1 Qb8
35. Nd5 e6 36. Nb6 dxc5 37. Nd7 Qc7 38. bxc5 Rd8 39. Qd2 Qc8 0-1

[Event "Skopje, hotel "]
[Site "Skopje, hotel "]
[Date "2014.04.02"]
[Round "6.50"]
[White "Maier, Christian"]
[Black "Makoli, Perparim"]
[Result "0-1"]
[WhiteElo "2376"]
[BlackElo "2242"]
[PlyCount "44"]
[EventDate "2014.03.29"]
[EventType "swiss"]
[EventRounds "9"]

1. e4 c5 2. Nf3 a6 3. c3 d5 4. exd5 Qxd5 5. Na3 Nc6 6. Be2 Bg4 7. Nc4 Bxf3 8.
gxf3 Rd8 9. d3 Nf6 10. Bf4 e5 11. Bg5 Be7 12. Qb3 Qd7 13. f4 Nd5 14. Bxe7 Qxe7
15. fxe5 Nf4 16. Qc2 Nxe5 17. Nxe5 Qxe5 18. Rd1 O-O 19. Kf1 Rfe8 20. Bf3 Rxd3
21. Qxd3 Nxd3 22. Rxd3 Qf5 0-1

[Event "Skopje, hotel "]
[Site "Skopje, hotel "]
[Date "2014.04.02"]
[Round "6.51"]
[White "Ketzetzis, Georgios"]
[Black "Bulmaga, Irina"]
[Result "1/2-1/2"]
[WhiteElo "2183"]
[BlackElo "2375"]
[PlyCount "173"]
[EventDate "2014.03.29"]
[EventType "swiss"]
[EventRounds "9"]

1. e4 c6 2. d4 d5 3. exd5 cxd5 4. c4 Nf6 5. Nc3 e6 6. Nf3 Bb4 7. cxd5 Nxd5 8.
Bd2 Be7 9. Bd3 Nc6 10. O-O O-O 11. Qe2 Bf6 12. Rad1 Re8 13. Ne4 Nce7 14. Nxf6+
Nxf6 15. Bg5 Ned5 16. Ne5 h6 17. Bh4 Nf4 18. Qf3 g5 19. Bg3 Qd5 20. Ng4 Nxg4
21. Be4 Qd6 22. Qxg4 e5 23. Qf3 exd4 24. Bxf4 gxf4 25. Rd2 Bd7 26. Bxb7 Rad8
27. h3 Bf5 28. Bc6 Re6 29. Bb7 Qe5 30. Rfd1 Rg6 31. Qa3 a5 32. Bf3 d3 33. Be2
Rgd6 34. Bf3 Rc8 35. b4 Rc2 36. Qxa5 Qc3 37. Qc5 Qxc5 38. bxc5 Rxc5 39. Kf1 Kg7
40. Rb1 Rc4 41. Ke1 Kf6 42. Bd1 Re4+ 43. Kf1 Ke5 44. Bf3 Rc4 45. Ke1 Kd4 46.
Kd1 Rc2 47. Rb4+ Kc3 48. Rb3+ Kc4 49. Rb7 Kd4 50. Rb4+ Kc5 51. Rb7 Ra6 52. Rc7+
Kb4 53. Rb7+ Ka3 54. Bd5 Rd6 55. Rb3+ Ka4 56. Rbxd3 Bxd3 57. Bb3+ Kb4 58. Bxc2
Bxc2+ 59. Kxc2 Rc6+ 60. Kb2 Rf6 61. f3 Kc4 62. Re2 Kd3 63. Re4 Rg6 64. Rxf4
Rxg2+ 65. Kb3 Rg8 66. a4 Rb8+ 67. Rb4 Rc8 68. Rb5 Rc3+ 69. Kb4 Rc4+ 70. Ka3 Rh4
71. a5 Rxh3 72. a6 Rh1 73. Rb2 Ra1+ 74. Ra2 Rc1 75. Kb4 Rc8 76. a7 Ra8 77. Kc5
Ke3 78. Ra3+ Kf4 79. Kb6 h5 80. Kb7 Rxa7+ 81. Kxa7 f5 82. Kb6 h4 83. Kc5 h3 84.
Kd4 h2 85. Ra1 Kxf3 86. Ke5 Kg2 87. Kxf5 1/2-1/2

[Event "Skopje, hotel "]
[Site "Skopje, hotel "]
[Date "2014.04.02"]
[Round "6.52"]
[White "Glavinac, Goran"]
[Black "Radovanovic, Jovica"]
[Result "0-1"]
[WhiteElo "2164"]
[BlackElo "2372"]
[PlyCount "76"]
[EventDate "2014.03.29"]
[EventType "swiss"]
[EventRounds "9"]

1. d4 Nf6 2. c4 g6 3. Nc3 Bg7 4. Bf4 O-O 5. Nf3 d6 6. e3 c5 7. Be2 Nh5 8. Bg5
h6 9. Bh4 g5 10. Bg3 cxd4 11. Nxd4 Nxg3 12. hxg3 Nc6 13. Nxc6 bxc6 14. Rc1 Rb8
15. b3 Qa5 16. Qd2 Be6 17. O-O d5 18. Nb1 Qb6 19. c5 Qc7 20. Na3 a5 21. Nc2 Bc8
22. Rfd1 g4 23. Qe1 e5 24. e4 Be6 25. exd5 cxd5 26. Ne3 d4 27. Nxg4 e4 28. Nh2
d3 29. Bf1 Bf5 30. Rc4 Rfe8 31. Qe3 Bg6 32. g4 Re6 33. g3 Rb4 34. Rdc1 Bb2 35.
Qxh6 Bxc1 36. Rxc1 e3 37. fxe3 Qxg3+ 38. Bg2 Qxg2+ 0-1

[Event "Skopje, hotel "]
[Site "Skopje, hotel "]
[Date "2014.04.02"]
[Round "6.53"]
[White "Cawdery, Daniel"]
[Black "Dragnev, Valentin"]
[Result "1-0"]
[WhiteElo "2362"]
[BlackElo "2205"]
[PlyCount "65"]
[EventDate "2014.03.29"]
[EventType "swiss"]
[EventRounds "9"]

1. e4 c5 2. Nf3 Nc6 3. d4 cxd4 4. Nxd4 e5 5. Nb5 a6 6. Nd6+ Bxd6 7. Qxd6 Qf6 8.
Qd1 Qg6 9. Nc3 d5 10. Nxd5 Qxe4+ 11. Be3 Nd4 12. Nc7+ Ke7 13. Rc1 Bg4 14. Qd3
Qxd3 15. Bxd3 Rd8 16. h3 Bh5 17. f4 f6 18. Kf2 Kd6 19. c3 Nc6 20. Bb6 exf4 21.
Rhe1 Ne5 22. Be4 Kd7 23. Nxa6 bxa6 24. Rcd1+ Bxd1 25. Rxd1+ Ke7 26. Rxd8 Nf7
27. Ra8 Ngh6 28. Bc5+ Ke6 29. Rxa6+ Ke5 30. Bc2 Nf5 31. Ra5 Ng3 32. Ba3+ Ke6
33. Bb3+ 1-0

[Event "Skopje, hotel "]
[Site "Skopje, hotel "]
[Date "2014.04.02"]
[Round "6.54"]
[White "Hadzi Manev, Ljubomir"]
[Black "Draskovic, Luka"]
[Result "1/2-1/2"]
[WhiteElo "2034"]
[BlackElo "2360"]
[PlyCount "46"]
[EventDate "2014.03.29"]
[EventType "swiss"]
[EventRounds "9"]

1. d4 Nf6 2. Bg5 c5 3. d5 e6 4. Nc3 d6 5. e4 e5 6. h3 Be7 7. Nf3 Nbd7 8. Qd2 a6
9. a4 Nf8 10. Bd3 Ng6 11. a5 O-O 12. Na4 h6 13. Nb6 Rb8 14. Bxf6 Bxf6 15. g3
Qe8 16. Kf1 Bd8 17. Nxc8 Rxc8 18. b3 Ne7 19. Nh4 Kh7 20. Nf5 Nxf5 21. exf5 Bf6
22. Re1 Qd7 23. h4 Qe7 1/2-1/2

[Event "Skopje, hotel "]
[Site "Skopje, hotel "]
[Date "2014.04.02"]
[Round "6.55"]
[White "Nikolov, Sasho"]
[Black "Ilic, Ljubomir"]
[Result "0-1"]
[WhiteElo "2358"]
[BlackElo "2195"]
[PlyCount "128"]
[EventDate "2014.03.29"]
[EventType "swiss"]
[EventRounds "9"]

1. e4 d5 2. exd5 Qxd5 3. Nf3 Nf6 4. Nc3 Qa5 5. d4 Bg4 6. h3 Bh5 7. g4 Bg6 8.
Ne5 e6 9. Nc4 Qa6 10. Nb5 Qc6 11. Ne5 Qb6 12. a4 c6 13. Na3 Bxa3 14. Rxa3 Nbd7
15. a5 Qb4+ 16. c3 Qd6 17. Bf4 Nxe5 18. Bxe5 Qd5 19. f3 O-O 20. Rh2 b5 21. Rd2
a6 22. Kf2 Qd8 23. Qe1 Ra7 24. Ra1 Rd7 25. c4 Ne8 26. b3 Nd6 27. Raa2 Nb7 28.
Qe3 Qe7 29. Qc3 f5 30. Kg1 Nd6 31. Qe3 fxg4 32. hxg4 Nf7 33. Bf4 Nd8 34. Rf2
Qh4 35. Kg2 Qf6 36. Be5 Qe7 37. Kg3 Qb4 38. Rfd2 Rdf7 39. f4 Rd7 40. c5 Nf7 41.
Bg2 Nxe5 42. dxe5 Rdf7 43. Rf2 Rxf4 44. Rxf4 Rxf4 45. Qxf4 Qxb3+ 46. Qf3 Qxa2
47. Qxc6 h5 48. gxh5 Bf5 49. Qd6 Qxa5 50. c6 Qe1+ 51. Kf4 Qh4+ 52. Ke3 Qe1+ 53.
Kd4 Qf2+ 54. Kc3 Qxg2 55. c7 b4+ 56. Kxb4 Qb2+ 57. Kc5 Qb5+ 58. Kd4 Qd5+ 59.
Kc3 Qxd6 60. exd6 e5 61. Kc4 Bd7 62. Kd5 Kf7 63. Kxe5 a5 64. Kd5 a4 0-1

[Event "Skopje, hotel "]
[Site "Skopje, hotel "]
[Date "2014.04.02"]
[Round "6.56"]
[White "Tesik, Csaba"]
[Black "Megalios, Konstantinos"]
[Result "1-0"]
[WhiteElo "2344"]
[BlackElo "2192"]
[PlyCount "93"]
[EventDate "2014.03.29"]
[EventType "swiss"]
[EventRounds "9"]

1. e4 c5 2. Nf3 d6 3. d4 cxd4 4. Nxd4 Nf6 5. Nc3 Nc6 6. Bg5 e6 7. Qd2 a6 8.
O-O-O Bd7 9. f3 h6 10. Be3 b5 11. Nxc6 Bxc6 12. Ne2 Qc7 13. Nd4 Bb7 14. Kb1 e5
15. Nb3 d5 16. exd5 Nxd5 17. Bd3 O-O-O 18. Qf2 Nxe3 19. Qxe3 Kb8 20. Be4 Bc8
21. Rxd8 Qxd8 22. f4 f5 23. Bxf5 exf4 24. Qxf4+ Bd6 25. Qg4 Bxf5 26. Qxf5 Rf8
27. Qg4 Qc7 28. h3 Rf2 29. Qg6 Rf6 30. Qe4 Qb7 31. Qxb7+ Kxb7 32. Rd1 Kc7 33.
c3 Rf4 34. Rd2 b4 35. Kc2 bxc3 36. bxc3 Be7 37. Nd4 Rf1 38. Ne6+ Kc6 39. Nxg7
Bg5 40. Re2 Kd5 41. Ne6 a5 42. Nxg5 hxg5 43. Kb3 g4 44. hxg4 a4+ 45. Kxa4 Rf4+
46. Kb5 Rxg4 47. Rd2+ 1-0

[Event "Skopje, hotel "]
[Site "Skopje, hotel "]
[Date "2014.04.02"]
[Round "6.57"]
[White "Blagojevic, Tijana"]
[Black "Vucinic, Gojko"]
[Result "1/2-1/2"]
[WhiteElo "2028"]
[BlackElo "2343"]
[PlyCount "50"]
[EventDate "2014.03.29"]
[EventType "swiss"]
[EventRounds "9"]

1. e4 c5 2. Nf3 d6 3. Bb5+ Nd7 4. d4 cxd4 5. Qxd4 a6 6. Bxd7+ Bxd7 7. O-O e5 8.
Qd3 h6 9. c4 b5 10. Na3 Qb8 11. Nh4 Nf6 12. Bd2 Be7 13. cxb5 Bxb5 14. Nxb5 Qxb5
15. Qc2 Qb7 16. Nf5 O-O 17. Qd3 Kh7 18. Qh3 Ng8 19. Qg4 Bf6 20. Nxd6 Qxb2 21.
Be3 Ne7 22. Rfb1 Qc3 23. Rc1 Qd3 24. Rd1 Qc3 25. Rdc1 Qd3 1/2-1/2

[Event "Skopje, hotel "]
[Site "Skopje, hotel "]
[Date "2014.04.02"]
[Round "6.58"]
[White "Atakisi, Umut"]
[Black "Peczely, Sebastian Zsombor"]
[Result "1/2-1/2"]
[WhiteElo "2340"]
[BlackElo "2182"]
[PlyCount "68"]
[EventDate "2014.03.29"]
[EventType "swiss"]
[EventRounds "9"]

1. e4 e5 2. Nf3 Nc6 3. Bb5 a6 4. Ba4 Nf6 5. O-O Be7 6. Re1 b5 7. Bb3 d6 8. c3
O-O 9. d4 Bg4 10. Be3 exd4 11. cxd4 Na5 12. Bc2 c5 13. Nbd2 cxd4 14. Bxd4 Nc6
15. Qb1 Nxd4 16. Nxd4 Qb6 17. N2f3 Bxf3 18. Nxf3 Ng4 19. Re2 Ne5 20. Nxe5 dxe5
21. Bb3 Rac8 22. Qd3 Rc7 23. Qg3 Qf6 24. Rd1 h6 25. Red2 Rfc8 26. h3 a5 27. Rd3
Bc5 28. Rd7 Kh7 29. Rxc7 Rxc7 30. Rd3 a4 31. Rf3 Qg6 32. Qxg6+ Kxg6 33. Bd5 b4
34. b3 a3 1/2-1/2

[Event "Skopje, hotel "]
[Site "Skopje, hotel "]
[Date "2014.04.02"]
[Round "6.59"]
[White "Dimitrov, Pavel"]
[Black "Petkovski, Vlatko"]
[Result "1-0"]
[WhiteElo "2333"]
[BlackElo "2147"]
[PlyCount "35"]
[EventDate "2014.03.29"]
[EventType "swiss"]
[EventRounds "9"]

1. e4 c5 2. Ne2 e5 3. Nbc3 Nc6 4. Nd5 a6 5. a4 d6 6. Nec3 Be6 7. Bc4 Rb8 8. d3
Nd4 9. O-O g6 10. f4 b5 11. axb5 axb5 12. Ra7 bxc4 13. Nc7+ Kd7 14. Nxe6+ Kxe6
15. f5+ gxf5 16. exf5+ Nxf5 17. Qg4 Qf6 18. Qxc4+ 1-0

[Event "Skopje, hotel "]
[Site "Skopje, hotel "]
[Date "2014.04.02"]
[Round "6.60"]
[White "Serefidou, Despina"]
[Black "Emiroglu, Cankut"]
[Result "0-1"]
[WhiteElo "1916"]
[BlackElo "2328"]
[PlyCount "58"]
[EventDate "2014.03.29"]
[EventType "swiss"]
[EventRounds "9"]

1. e4 c5 2. Nf3 d6 3. Bb5+ Bd7 4. Bxd7+ Qxd7 5. c4 Nf6 6. Nc3 Nc6 7. d4 cxd4 8.
Nxd4 g6 9. f3 Nxd4 10. Qxd4 Bg7 11. Be3 O-O 12. Qd3 Qc6 13. Rc1 Nd7 14. b3 f5
15. Nd5 Rae8 16. Bg5 Nc5 17. Qc2 fxe4 18. fxe4 e6 19. Ne7+ Rxe7 20. Bxe7 Rf4
21. Bg5 Rxe4+ 22. Kf1 Re5 23. h4 Rf5+ 24. Ke1 Ne4 25. Rh3 Nxg5 26. hxg5 Qc5 27.
Qd3 Qg1+ 28. Kd2 Rf2+ 29. Ke3 Rf1+ 0-1

[Event "Skopje, hotel "]
[Site "Skopje, hotel "]
[Date "2014.04.02"]
[Round "6.61"]
[White "Milenkovic, Mladen"]
[Black "Grigoriadis, Mihail"]
[Result "1-0"]
[WhiteElo "2373"]
[BlackElo "1940"]
[PlyCount "95"]
[EventDate "2014.03.29"]
[EventType "swiss"]
[EventRounds "9"]

1. c4 c5 2. Nc3 Nc6 3. g3 g6 4. Bg2 Bg7 5. Nf3 d6 6. O-O Nh6 7. a3 Nf5 8. Rb1
a5 9. b3 h5 10. h4 e5 11. d3 O-O 12. e3 Nfe7 13. Qc2 Rb8 14. Bd2 Bf5 15. Ng5
Qd7 16. Kh2 Kh8 17. Nd5 f6 18. Ne4 Nxd5 19. cxd5 Ne7 20. Nc3 Qe8 21. b4 axb4
22. axb4 b6 23. bxc5 bxc5 24. Rxb8 Qxb8 25. Rb1 Qd8 26. e4 Bd7 27. Nb5 Nc8 28.
f4 Kh7 29. fxe5 fxe5 30. Be3 Bh6 31. Bxh6 Kxh6 32. Qd2+ Kg7 33. Na3 Rf6 34. Rb7
Ne7 35. Nc4 Bc8 36. Ra7 Qf8 37. Qg5 Kf7 38. Nxd6+ Rxd6 39. Qxe5 Qd8 40. d4 cxd4
41. Qxd4 Rd7 42. Ra2 Kg8 43. Rf2 Rd6 44. Qe3 Nxd5 45. exd5 Bf5 46. Rb2 Qd7 47.
Rb8+ Kh7 48. Re8 1-0

[Event "Skopje, hotel "]
[Site "Skopje, hotel "]
[Date "2014.04.02"]
[Round "6.62"]
[White "Logallo, Claudio"]
[Black "Arsovic, Goran"]
[Result "1/2-1/2"]
[WhiteElo "2074"]
[BlackElo "2434"]
[PlyCount "24"]
[EventDate "2014.03.29"]
[EventType "swiss"]
[EventRounds "9"]

1. e4 c5 2. Nc3 d6 3. f4 g6 4. Nf3 Bg7 5. Bc4 Nc6 6. d3 e6 7. O-O Nge7 8. Qe1
O-O 9. f5 gxf5 10. Qg3 fxe4 11. dxe4 Ne5 12. Nxe5 dxe5 1/2-1/2

[Event "Skopje, hotel "]
[Site "Skopje, hotel "]
[Date "2014.04.02"]
[Round "6.63"]
[White "Kacakovski, Dimitar"]
[Black "Dancevski, Orce"]
[Result "1/2-1/2"]
[WhiteElo "2143"]
[BlackElo "2388"]
[PlyCount "20"]
[EventDate "2014.03.29"]
[EventType "swiss"]
[EventRounds "9"]

1. d4 c5 2. d5 e6 3. e4 Nf6 4. Nc3 exd5 5. e5 Ng8 6. Qxd5 Ne7 7. Qxc5 Ng6 8.
Qd5 Bb4 9. Bd2 O-O 10. O-O-O Nc6 1/2-1/2

[Event "Skopje, hotel "]
[Site "Skopje, hotel "]
[Date "2014.04.02"]
[Round "6.64"]
[White "Klasan, Vladimir"]
[Black "Kralevski, Aleksander"]
[Result "1/2-1/2"]
[WhiteElo "2345"]
[BlackElo "2162"]
[PlyCount "173"]
[EventDate "2014.03.29"]
[EventType "swiss"]
[EventRounds "9"]

1. e4 e5 2. Nf3 Nc6 3. Bb5 a6 4. Ba4 Nf6 5. d3 d6 6. c4 Bd7 7. Nc3 Be7 8. h3 h6
9. Be3 O-O 10. O-O Nh7 11. d4 exd4 12. Nxd4 Nxd4 13. Bxd7 Qxd7 14. Bxd4 Bf6 15.
Nd5 Bxd4 16. Qxd4 Rad8 17. Rad1 Kh8 18. Rfe1 Ng5 19. f4 Ne6 20. Qe3 c6 21. Nc3
Qe7 22. Rd2 Rfe8 23. Red1 Qh4 24. Rf1 Qf6 25. g3 Nc5 26. e5 Qe6 27. Rfd1 Qxh3
28. Rxd6 Rxd6 29. Rxd6 Ne6 30. Ne4 Qf5 31. Rd3 Qh3 32. Nd6 Re7 33. Qf3 Nc5 34.
Rd2 Qe6 35. Re2 Qg6 36. f5 Qg5 37. f6 Rd7 38. e6 Nxe6 39. Rxe6 Rxd6 40. Re8+
Kh7 41. Qe4+ Qg6 42. fxg7 Kxg7 43. Qxg6+ Kxg6 44. Re2 Kf6 45. Kf2 Rd4 46. b3
Rd3 47. Kg2 Rd6 48. Kf3 Re6 49. Rd2 Ke7 50. Kf4 Rg6 51. Re2+ Kd6 52. Rd2+ Kc7
53. g4 b5 54. c5 b4 55. Rd4 Rg5 56. Rxb4 Rxc5 57. Rd4 f6 58. Rd2 h5 59. gxh5
Rxh5 60. Re2 Kb6 61. Rd2 Kb5 62. Rc2 Rc5 63. Rd2 Rd5 64. Rc2 c5 65. Ke4 Re5+
66. Kd3 Rf5 67. Rc4 Rf2 68. a4+ Kc6 69. b4 Rf5 70. bxc5 Rxc5 71. Rf4 f5 72. Rb4
Kd5 73. Rb6 Ra5 74. Rb4 Ke5 75. Ke3 Rc5 76. Rb6 a5 77. Rb8 Kd5 78. Kd3 f4 79.
Re8 Kd6 80. Kd4 Rf5 81. Ke4 Rc5 82. Kxf4 Rc4+ 83. Ke3 Rxa4 84. Kd3 Rh4 85. Kc3
Rb4 86. Rc8 Kd7 87. Rc5 1/2-1/2

[Event "Skopje, hotel "]
[Site "Skopje, hotel "]
[Date "2014.04.02"]
[Round "6.65"]
[White "Dinev, Dejan"]
[Black "Velikic, Adela"]
[Result "1-0"]
[WhiteElo "2342"]
[BlackElo "2078"]
[PlyCount "61"]
[EventDate "2014.03.29"]
[EventType "swiss"]
[EventRounds "9"]

1. d4 Nf6 2. Nf3 c5 3. e3 d5 4. Bd3 Nc6 5. h3 e6 6. O-O Bd6 7. Nbd2 O-O 8. c3
e5 9. dxe5 Nxe5 10. Nxe5 Bxe5 11. e4 dxe4 12. Nxe4 Nxe4 13. Bxe4 Qc7 14. Re1 g6
15. Qf3 Rb8 16. Bh6 Re8 17. Bd5 Be6 18. Bxe6 fxe6 19. Qg4 Kf7 20. Re3 Bf6 21.
Rae1 e5 22. f4 exf4 23. Bxf4 Qc8 24. Bxb8 Qxg4 25. hxg4 Rxb8 26. Rd3 Rd8 27.
Rxd8 Bxd8 28. Kf2 b5 29. Kf3 Bf6 30. Rf1 Kg7 31. Ke4 1-0

[Event "Skopje, hotel "]
[Site "Skopje, hotel "]
[Date "2014.04.02"]
[Round "6.66"]
[White "Nikolova, Adriana"]
[Black "Milutinovic, Stefana"]
[Result "0-1"]
[WhiteElo "2341"]
[BlackElo "2048"]
[PlyCount "90"]
[EventDate "2014.03.29"]
[EventType "swiss"]
[EventRounds "9"]

1. e4 c5 2. c3 d5 3. exd5 Qxd5 4. d4 Nf6 5. Nf3 e6 6. Bd3 Be7 7. O-O O-O 8. Qe2
Nc6 9. Rd1 Rd8 10. Be3 b6 11. Bc4 Qh5 12. Nbd2 cxd4 13. cxd4 Bb7 14. a3 Bd6 15.
h3 Rac8 16. Rac1 Bb8 17. b4 Ne7 18. Ba6 Qd5 19. Bg5 Bxa6 20. Qxa6 Rc6 21. Nf1
Rdc8 22. Rxc6 Qxc6 23. Ne5 Qe8 24. Bxf6 gxf6 25. Ng4 Kg7 26. Nge3 Qd7 27. Qe2
Rg8 28. Qg4+ Kh8 29. Qf3 f5 30. d5 Qb7 31. Qe2 f4 32. Qb2+ Rg7 33. Ng4 Nxd5 34.
f3 Qe7 35. Rc1 f6 36. Qd4 h5 37. Nf2 Rg8 38. Re1 Qg7 39. g4 fxg3 40. Nd3 g2 41.
Nd2 Qg3 42. f4 Bxf4 43. Nf3 Qxf3 44. Nxf4 Qxf4 45. Qd1 Qf1+ 0-1

[Event "Skopje, hotel "]
[Site "Skopje, hotel "]
[Date "2014.04.02"]
[Round "6.67"]
[White "Yildiz, Betul Cemre"]
[Black "Zekaj, Dritan"]
[Result "1-0"]
[WhiteElo "2337"]
[BlackElo "2031"]
[PlyCount "53"]
[EventDate "2014.03.29"]
[EventType "swiss"]
[EventRounds "9"]

1. e4 d5 2. exd5 Qxd5 3. Nc3 Qa5 4. d4 Nf6 5. Nf3 c6 6. Bc4 Bf5 7. Bd2 e6 8.
Nd5 Qd8 9. Nxf6+ gxf6 10. Qe2 Bxc2 11. O-O Bg6 12. Rfe1 Qd7 13. Rad1 Bc2 14.
Rc1 Bf5 15. d5 cxd5 16. Bb5 Nc6 17. Nd4 a6 18. Bxc6 bxc6 19. Nxf5 e5 20. Ng3 h5
21. Nxh5 Qf5 22. Ng3 Qh7 23. h3 Bd6 24. Rxc6 Kd7 25. Rxa6 Rxa6 26. Qxa6 Qc2 27.
Qe2 1-0

[Event "Skopje, hotel "]
[Site "Skopje, hotel "]
[Date "2014.04.02"]
[Round "6.68"]
[White "Aharon, Ofir"]
[Black "Van der Merwe, Cecile Henriette"]
[Result "1-0"]
[WhiteElo "2316"]
[BlackElo "2026"]
[PlyCount "57"]
[EventDate "2014.03.29"]
[EventType "swiss"]
[EventRounds "9"]

1. e4 c5 2. Nf3 Nc6 3. d4 cxd4 4. Nxd4 g6 5. c4 Nf6 6. Nc3 d6 7. Nc2 Bg7 8. Be2
O-O 9. O-O Be6 10. Rb1 a5 11. f4 a4 12. Kh1 Na5 13. b3 axb3 14. axb3 Nd7 15.
Nb5 Nf6 16. Bd3 Qc8 17. Ne3 Bd7 18. Bb2 Bxb5 19. cxb5 b6 20. e5 dxe5 21. fxe5
Nd7 22. Be4 Ra7 23. Nd5 Qd8 24. e6 fxe6 25. Nf4 Nc5 26. Bxg7 Qxd1 27. Rbxd1
Kxg7 28. b4 Rd7 29. Rxd7 1-0

[Event "Skopje, hotel "]
[Site "Skopje, hotel "]
[Date "2014.04.02"]
[Round "6.69"]
[White "Radovanovic, Nikola"]
[Black "Ilic, Slobodan R"]
[Result "1/2-1/2"]
[WhiteElo "2308"]
[BlackElo "2012"]
[PlyCount "113"]
[EventDate "2014.03.29"]
[EventType "swiss"]
[EventRounds "9"]

1. e4 c5 2. Nf3 d6 3. d4 cxd4 4. Nxd4 Nf6 5. Nc3 a6 6. h3 e6 7. g4 Be7 8. Bg2
Qc7 9. O-O Nc6 10. a4 Na5 11. Nde2 O-O 12. b3 Rb8 13. Be3 Bd7 14. g5 Ne8 15. f4
b5 16. axb5 axb5 17. f5 b4 18. fxe6 fxe6 19. Nd5 Rxf1+ 20. Bxf1 exd5 21. Qxd5+
Kh8 22. Rxa5 Bc6 23. Qf5 d5 24. Ra7 Rb7 25. Rxb7 Qxb7 26. exd5 Bxd5 27. Nf4 Bg8
28. Bd3 Qc6 29. Qg4 Bf7 30. g6 Nf6 31. Qh4 Be8 32. Qf2 Ne4 33. Qf3 Ng5 34. Qxc6
Bxc6 35. gxh7 Nf3+ 36. Kf2 Bh4+ 37. Ke2 Ne5 38. Ng6+ Nxg6 39. Bxg6 Bf6 40. Bd2
Be7 41. h4 Bd7 42. Kd3 Be6 43. h5 Bc8 44. Kc4 Ba6+ 45. Kd5 Bb7+ 46. Ke6 Bc5 47.
c3 bxc3 48. Bxc3 Be3 49. b4 Ba6 50. Kf7 Bh6 51. Be5 Be2 52. Kf8 Bc4 53. Bf5 Be2
54. Be4 Bc4 55. Ke7 Bd2 56. Kf8 Bxb4+ 57. Ke8 1/2-1/2

[Event "Skopje, hotel "]
[Site "Skopje, hotel "]
[Date "2014.04.02"]
[Round "6.70"]
[White "Stojkovska, Monika"]
[Black "Toth, Aleksandar"]
[Result "0-1"]
[WhiteElo "1997"]
[BlackElo "2306"]
[PlyCount "124"]
[EventDate "2014.03.29"]
[EventType "swiss"]
[EventRounds "9"]

1. e4 d5 2. exd5 Qxd5 3. Nc3 Qd6 4. d4 Nf6 5. Nf3 g6 6. Nb5 Qb6 7. c4 c6 8. Nc3
Bg7 9. h3 O-O 10. Be2 Bf5 11. O-O Rd8 12. Re1 Na6 13. c5 Qc7 14. Bxa6 bxa6 15.
Qe2 Be6 16. Qxa6 Nd5 17. Nxd5 Rxd5 18. Be3 Rad8 19. b4 Rf5 20. Qe2 Bd5 21. Nh2
Qd7 22. Rad1 Qe6 23. g4 Rf6 24. Bg5 Qxe2 25. Rxe2 Re6 26. Rxe6 Bxe6 27. Be3
Bxa2 28. Ra1 Be6 29. Rxa7 Bxd4 30. Rxe7 Bxe3 31. fxe3 Rb8 32. e4 Rxb4 33. Rc7
Rxe4 34. Rxc6 Re3 35. h4 Bxg4 36. Nxg4 Rg3+ 37. Kh2 Rxg4 38. Kh3 Rc4 39. Rc8+
Kg7 40. Rc6 Rc3+ 41. Kg2 h5 42. Kh2 Rc4 43. Kg3 Kf8 44. Rc7 Ke8 45. Kh3 Rf4 46.
Kg3 Rf5 47. c6 Rc5 48. Kf3 Rc4 49. Kg3 Kf8 50. Kh3 Kg7 51. Rc8 Kf6 52. Rc7 Ke6
53. Kg3 f6 54. Rg7 Kf5 55. c7 Rc3+ 56. Kg2 g5 57. hxg5 fxg5 58. Rf7+ Kg4 59.
Rd7 Rc2+ 60. Kf1 h4 61. Rd4+ Kh5 62. Rd7 h3 0-1

[Event "Skopje, hotel "]
[Site "Skopje, hotel "]
[Date "2014.04.02"]
[Round "6.71"]
[White "Doncevic, Dario"]
[Black "Padjen, Zdenko"]
[Result "1-0"]
[WhiteElo "2304"]
[BlackElo "2004"]
[PlyCount "38"]
[EventDate "2014.03.29"]
[EventType "swiss"]
[EventRounds "9"]

1. Nf3 f5 2. d3 d6 3. e4 e5 4. Nc3 Nf6 5. exf5 Bxf5 6. d4 e4 7. Nh4 Bg4 8. Be2
Bxe2 9. Qxe2 d5 10. Bg5 c6 11. f3 Bb4 12. fxe4 dxe4 13. Bxf6 Qxf6 14. Qxe4+ Kd8
15. Rf1 Bxc3+ 16. bxc3 Qd6 17. Nf5 Qf6 18. Kd2 Re8 19. Qg4 g6 1-0

[Event "Skopje, hotel "]
[Site "Skopje, hotel "]
[Date "2014.04.02"]
[Round "6.72"]
[White "Dragicevic, Drazen"]
[Black "Jorgensen, Line Jin"]
[Result "1-0"]
[WhiteElo "2293"]
[BlackElo "1923"]
[PlyCount "31"]
[EventDate "2014.03.29"]
[EventType "swiss"]
[EventRounds "9"]

1. c4 c5 2. Nf3 Nc6 3. d4 cxd4 4. Nxd4 Nf6 5. Nc3 g6 6. Nc2 Bg7 7. g3 O-O 8.
Bg2 d6 9. O-O Be6 10. b3 Ne4 11. Nxe4 Bxa1 12. Nxa1 Qa5 13. a3 Rfd8 14. Ng5 Bc8
15. b4 Nxb4 16. Nb3 1-0

[Event "Skopje, hotel "]
[Site "Skopje, hotel "]
[Date "2014.04.02"]
[Round "6.73"]
[White "Emmanouilidis, Athanasios"]
[Black "Vatter, Hans Joachim"]
[Result "1/2-1/2"]
[WhiteElo "1850"]
[BlackElo "2275"]
[PlyCount "119"]
[EventDate "2014.03.29"]
[EventType "swiss"]
[EventRounds "9"]

1. e4 c5 2. Nf3 Nc6 3. Bb5 g6 4. O-O Bg7 5. c3 Nf6 6. Re1 O-O 7. d3 d6 8. h3
Bd7 9. Nbd2 a6 10. Ba4 b5 11. Bc2 e5 12. Nf1 d5 13. Ne3 d4 14. Nd5 Be6 15. cxd4
cxd4 16. Nxf6+ Bxf6 17. Bb3 Re8 18. Bd2 Qd6 19. Ng5 Bxg5 20. Bxg5 Kg7 21. Bd2
f6 22. Bxe6 Qxe6 23. Rc1 Rac8 24. Qg4 Kf7 25. Qxe6+ Kxe6 26. Rc5 Ne7 27. Rec1
Rxc5 28. Rxc5 Rc8 29. Rxc8 Nxc8 30. Kf1 Nb6 31. b3 Nd7 32. g3 f5 33. f3 Nf6 34.
Bc1 Nh5 35. Kg2 Kd6 36. Bg5 Ke6 37. Bd2 Kd6 38. Bb4+ Kc6 39. Be7 Kd7 40. Bb4 f4
41. g4 Ng7 42. h4 h5 43. g5 Ne6 44. Kf2 Nd8 45. Ke2 Nc6 46. Be1 b4 47. Kd1 a5
48. Kc2 Kd6 49. Kb2 Kc5 50. a3 bxa3+ 51. Kxa3 Kb5 52. Bd2 Nd8 53. b4 a4 54. Be1
Ne6 55. Bd2 Nc7 56. Be1 Na8 57. Bd2 Nb6 58. Be1 Kc6 59. Bd2 Kb5 60. Be1 1/2-1/2